| 000 | 00370nam a2200157 a 4500 | ||
|---|---|---|---|
| 001 | 2997 | ||
| 003 | CDMR | ||
| 005 | 20130226174600.0 | ||
| 008 | 130130s1998||||||||||||||||||||||||||||d | ||
| 020 | _a8495134012 | ||
| 040 |
_aCDMR _bcat _cCDMR |
||
| 100 | 1 |
_aGuzmán, Àfrica _92204 |
|
| 245 | 1 | 0 |
_aOdós _cÀfrica Guzmán |
| 260 |
_aTarragona _c1998 _bArola |
||
| 942 |
_cMON _2ddc |
||
| 999 |
_c2997 _d2997 |
||